Μαθηματικά Ι : Γ' λυκείου : ανάλυση
Αποθηκεύτηκε σε:
| Κύριος συγγραφέας: | |
|---|---|
| Μορφή: | Βιβλίο |
| Γλώσσα: | Greek |
| Δημοσίευση: |
Αθήνα :
Οργανισμός Εκδόσεως Διδακτικών Βιβλίων,
[1985]
|
| Θέματα: | |
| Ετικέτες: |
Προσθήκη ετικέτας
Δεν υπάρχουν, Καταχωρήστε ετικέτα πρώτοι!
|
MARC
| LEADER | 00000nam a2200000 i 4500 | ||
|---|---|---|---|
| 001 | 1/76338 | ||
| 008 | 960522s1987 gre d | ||
| 035 | |a 1989 |b 2 |c Δωρεά |l 10032375 | ||
| 035 | |a 1994 |b 2 |c Δωρεά | ||
| 040 | |a GR-MY-UA |b gre |e aacr | ||
| 041 | 0 | |a gre | |
| 082 | 0 | |a 515.07 | |
| 100 | 1 | |a Βαρουχάκης, Νικόλαος. | |
| 245 | 1 | 0 | |a Μαθηματικά Ι : |b Γ' λυκείου : ανάλυση / |c Ν. Βαρουχάκης ... [κ.ά.] |
| 260 | |a Αθήνα : |b Οργανισμός Εκδόσεως Διδακτικών Βιβλίων, |c [1985] | ||
| 300 | |a 279 σ. | ||
| 650 | 0 | 0 | |a Mathematical analysis |x Study and teaching (Secondary) |z Greece. |
| 650 | 0 | 0 | |a Mathematics |x Study and teaching (Secondary) |z Greece. |
| 852 | |a INST |b LESVOS |e 19961118 |h 510.712 ΜΑΘ |p 005100012471 |q 005100012471 |t BK |y 0 | ||
| 852 | |a INST |b LESVOS |e 19961118 |h 510.712 ΜΑΘ |p 005100012472 |q 005100012472 |t BK |y 0 | ||
| 852 | |a INST |b RHODES |e 19970320 |h 515.07 ΜΑΘ |p 005400001848 |q 005400001848 |t BK |y 620 | ||
| 852 | |a INST |b RHODES |e 19960522 |h 515.07 ΜΑΘ |p 005400001849 |q 005400001849 |t BK |y 620 | ||
| 852 | |a INST |b RHODES |e 19960522 |h 515.07 ΜΑΘ |p 005400001850 |q 005400001850 |t BK |y 0 | ||
| 852 | |a INST |b RHODES |e 19960522 |h 515.07 ΜΑΘ |p 005400001851 |q 005400001851 |t BK |y 620 | ||
| 909 | |a Ρ |b 014464 |c 1989 | ||
| 909 | |a Ρ |b 014465 |c 1989 | ||
| 909 | |a Ρ |b 014466 |c 1989 | ||
| 909 | |a Ρ |b 028147 |c 1994 | ||
| 909 | |a Λ |b 015057 | ||